00000000nam 2200000zi 4500
0019.943469
003CaOODSP
00520250107144100
006m     o  d f      
007cr mn|||||||||
008240920e20210715onca    obs  f000 0 eng d
040 |aCaOODSP|beng|erda|cCaOODSP
043 |an-cn---
045 |ax8y1
0861 |aCS85-002/41-12E-PDF
1001 |aPerreault, Samuel, |eauthor.
24510|aImpaired driving in Canada, 2019 / |cby Samuel Perreault.
24617|aJuristat article - impaired driving in Canada, 2019
264 1|a[Ottawa] : |bStatistics Canada = Statistique Canada, |cJuly 15, 2021.
264 4|c©2021
300 |a1 online resource (33 pages) : |bcolour illustrations.
336 |atext|btxt|2rdacontent
337 |acomputer|bc|2rdamedia
338 |aonline resource|bcr|2rdacarrier
4901 |aJuristat, |x1209-6393
500 |aIssued also in French under title: La conduite avec les facultés affaiblies au Canada, 2019.
500 |a"Catalogue no. 85-002-X."
504 |aIncludes bibliographical references.
520 |a"Using police-reported data collected through the Uniform Crime Reporting Survey (UCR) and data from the Integrated Criminal Court Survey (ICCS), this Juristat article presents an analysis of major trends in impaired driving in Canada, with a focus on drug-impaired driving"--Page 4.
650 0|aDrugged driving|zCanada|vStatistics.
650 0|aDrunk driving|zCanada|vStatistics.
655 7|aStatistics|2lcgft
7102 |aStatistics Canada, |eissuing body.
77508|tLa conduite avec les facultés affaiblies au Canada, 2019 / |w(CaOODSP)9.943471
830#0|aJuristat.|w(CaOODSP)9.936876
85640|qPDF|s1.64 MB|uhttps://publications.gc.ca/collections/collection_2024/statcan/85-002-x/CS85-002-41-12-eng.pdf
8564 |qHTML|sN/A|uhttps://www150.statcan.gc.ca/n1/pub/85-002-x/2021001/article/00012-eng.htm
986 |a85-002-X